Statystyki dla Jaki jest język w danym kraju

Kliknij tutaj aby rozwiązać quiz!

Ogólne statystyki

  • Ten quiz został rozwiązany 22 razy
  • Średni wynik to 19 z 22

Statystyki odpowiedzi

PaństwoJęzyk% Poprawnych
Stany ZjednoczoneAngielski
100%
AustraliaAngielski
100%
CzechyCzeski
100%
FrancjaFrancuski
100%
SenegalFrancuski
100%
HaitiFrancuski
100%
GrecjaGrecki
100%
HondurasHiszpański
100%
HiszpaniaHiszpański
100%
NiemcyNiemiecki
100%
RosjaRosyjski
100%
TurcjaTurecki
100%
WłochyWłoski
100%
PolskaPolski
95%
BrazyliaPortugalski
85%
GruzjaGruziński
80%
IndonezjaIndonezyjski
80%
KazachstanKazachski
50%
ArmeniaOrmiański
50%
KirgistanKirgiski
40%
MalezjaMalajski
40%
KambodżaKhmerski
35%

Rozkład punktacji

Percentyl według liczby udzielonych odpowiedzi

Procent ludzi z każdym wynikiem

Twoja historia wyników

Nie rozwiązałeś tego quizu